<?xml version="1.0" encoding="UTF-8"?>
<record
    xmlns:xsi="http://www.w3.org/2001/XMLSchema-instance"
    xsi:schemaLocation="http://www.loc.gov/MARC21/slim http://www.loc.gov/standards/marcxml/schema/MARC21slim.xsd"
    xmlns="http://www.loc.gov/MARC21/slim">

  <leader>01554nam a22002537a 4500</leader>
  <controlfield tag="005">20111102142633.0</controlfield>
  <controlfield tag="008">111102t        xxu||||| |||| 00| 0 mar d</controlfield>
  <datafield tag="010" ind1=" " ind2=" ">
    <subfield code="a">MAR-21558</subfield>
  </datafield>
  <datafield tag="020" ind1=" " ind2=" ">
    <subfield code="c">200.00</subfield>
  </datafield>
  <datafield tag="035" ind1=" " ind2=" ">
    <subfield code="a">MR-14216</subfield>
  </datafield>
  <datafield tag="037" ind1=" " ind2=" ">
    <subfield code="b">DBAD / PUB</subfield>
  </datafield>
  <datafield tag="040" ind1=" " ind2=" ">
    <subfield code="a">DPL</subfield>
    <subfield code="b">MR</subfield>
  </datafield>
  <datafield tag="082" ind1=" " ind2=" ">
    <subfield code="a">954.5025</subfield>
  </datafield>
  <datafield tag="100" ind1=" " ind2=" ">
    <subfield code="9">35655</subfield>
    <subfield code="a">&#x936;&#x947;&#x935;&#x921;&#x947;,&#x938;&#x91A;&#x94D;&#x91A;&#x93F;&#x926;&#x93E;&#x928;&#x902;&#x926; &#x938;&#x941;&#x930;&#x947;&#x936;</subfield>
  </datafield>
  <datafield tag="245" ind1=" " ind2=" ">
    <subfield code="a">&#x92A;&#x93E;&#x928;&#x93F;&#x92A;&#x924;&#x91A;&#x93E; &#x930;&#x923;&#x938;&#x902;&#x917;&#x94D;&#x930;&#x93E;&#x92E; /</subfield>
    <subfield code="c">&#x938;&#x91A;&#x94D;&#x91A;&#x93F;&#x926;&#x93E;&#x928;&#x902;&#x926; &#x938;&#x941;&#x930;&#x947;&#x936; &#x936;&#x947;&#x935;&#x921;&#x947; &#x924;&#x925;&#x93E; &#x926;&#x941;&#x930;&#x94D;&#x917;&#x947;&#x936; &#x91C;&#x92F;&#x935;&#x902;&#x924; &#x92A;&#x930;&#x941;&#x933;&#x915;&#x930;</subfield>
  </datafield>
  <datafield tag="246" ind1=" " ind2=" ">
    <subfield code="a">Panipatcha Ransangram</subfield>
    <subfield code="b">by Sachidanand Suresh Shewde and Durgesh Jayawant Parulkar</subfield>
  </datafield>
  <datafield tag="260" ind1=" " ind2=" ">
    <subfield code="a">&#x92E;&#x941;&#x902;&#x92C;&#x908;</subfield>
    <subfield code="b">&#x928;&#x935;&#x91A;&#x948;&#x924;&#x928;&#x94D;&#x92F; &#x92A;&#x94D;&#x930;&#x915;&#x93E;&#x936;&#x928;</subfield>
    <subfield code="c">2011</subfield>
  </datafield>
  <datafield tag="270" ind1=" " ind2=" ">
    <subfield code="a">&#x928;&#x94D;&#x92F;&#x942; &#x917;&#x91C;&#x93E;&#x902;&#x924; &#x915;&#x94B;.&#x911;&#x92A;.&#x939;&#x94C;.&#x938;&#x94B;.&#x932;&#x93F;.,&#x92C;&#x94D;&#x932;&#x949;&#x915; &#x928;&#x902;.&#x938;&#x940;/11,&#x924;&#x933;&#x92E;&#x91C;&#x932;&#x93E;,&#x915;&#x94B;&#x938;&#x93E;&#x902;&#x917;&#x94B;&#x928;&#x917;&#x930;,&#x92B;&#x94D;&#x932;&#x93E;&#x92F;&#x913;&#x935;&#x94D;&#x939;&#x930;&#x916;&#x93E;&#x932;&#x940;,&#x90F;&#x938;&#x94D;.&#x935;&#x94D;&#x939;&#x940; &#x930;&#x94B;&#x921;,&#x92C;&#x94B;&#x930;&#x93F;&#x935;&#x932;&#x940;(&#x92A;),</subfield>
    <subfield code="b">&#x92E;&#x941;&#x902;&#x92C;&#x908;</subfield>
    <subfield code="e">400092</subfield>
  </datafield>
  <datafield tag="300" ind1=" " ind2=" ">
    <subfield code="a">&#x926;&#x939;&#x93E;,208&#x92A;&#x943;.</subfield>
    <subfield code="c">22&#x938;&#x947;&#x92E;&#x940;(&#x905;&#x91C;&#x93F;&#x932;&#x94D;&#x926;)</subfield>
  </datafield>
  <datafield tag="700" ind1=" " ind2=" ">
    <subfield code="a">&#x936;&#x947;&#x935;&#x921;&#x947;,&#x938;&#x91A;&#x94D;&#x91A;&#x93F;&#x926;&#x93E;&#x928;&#x902;&#x926; &#x938;&#x941;&#x930;&#x947;&#x936;</subfield>
    <subfield code="9">35826</subfield>
  </datafield>
  <datafield tag="700" ind1=" " ind2=" ">
    <subfield code="a">&#x92A;&#x930;&#x941;&#x933;&#x915;&#x930;, &#x926;&#x941;&#x930;&#x94D;&#x917;&#x947;&#x936; &#x91C;&#x92F;&#x935;&#x902;&#x924;</subfield>
    <subfield code="9">35831</subfield>
  </datafield>
  <datafield tag="942" ind1=" " ind2=" ">
    <subfield code="2">ddc</subfield>
    <subfield code="c">MR</subfield>
    <subfield code="m">&#x936;&#x947;&#x935;&#x921;&#x947;</subfield>
    <subfield code="h">954.5025</subfield>
  </datafield>
  <datafield tag="999" ind1=" " ind2=" ">
    <subfield code="c">58385</subfield>
    <subfield code="d">58385</subfield>
  </datafield>
  <datafield tag="952" ind1=" " ind2=" ">
    <subfield code="0">0</subfield>
    <subfield code="1">0</subfield>
    <subfield code="2">ddc</subfield>
    <subfield code="4">0</subfield>
    <subfield code="7">1</subfield>
    <subfield code="8">NFIC</subfield>
    <subfield code="a">DBAD</subfield>
    <subfield code="b">DBAD</subfield>
    <subfield code="d">2011-11-15</subfield>
    <subfield code="e">DBAD / PUB</subfield>
    <subfield code="g">200.00</subfield>
    <subfield code="l">0</subfield>
    <subfield code="o">954.5025 &#x936;&#x947;&#x935;&#x921;&#x947;</subfield>
    <subfield code="p">MR-14216</subfield>
    <subfield code="r">2011-11-15 00:00:00</subfield>
    <subfield code="t">1</subfield>
    <subfield code="v">200.00</subfield>
    <subfield code="y">MR</subfield>
  </datafield>
</record>
